NASL Champions (1968-1984) - Statistics

General Stats
  • This quiz has been taken 5 times
  • The average score is 10 of 17
Answer Stats
Hint Answer % Correct
1972 New York Cosmos
100%
1977 New York Cosmos
100%
1978 New York Cosmos
100%
1980 New York Cosmos
100%
1982 New York Cosmos
100%
1981 Chicago Sting
75%
1984 Chicago Sting
75%
1971 Dallas Tornado
75%
1974 Los Angeles Aztecs
75%
1979 Vancouver Whitecaps
75%
1968 Atlanta Chiefs
50%
1973 Philadelphia Atoms
25%
1970 Rochester Lancers
25%
1975 Tampa Bay Rowdies
25%
1983 Tulsa Roughnecks
25%
1969 Kansas City Spurs
0%
1976 Toronto Metros-Croatia
0%
No matching quizzes found
Score Distribution
Percent of People with Each Score
Percentile by Number Answered
Your Score History
You have not taken this quiz